000 00661cam a2200169 4500
001 WB3524-58
008 000000n1999 000 0 eng u
035 _a(Sirsi) u102009
245 _aPlenty of land to rent.
260 _c1999
490 _aFarmers Guardian
_v18 June 1999, 13(1)
520 _aThe Central Association of Agricultural Valuers' tenanted farm survey shows that new land is continuing to flow into the letting sector due to the establishment of farm business tenancies.
650 _aFARM BUSINESS TENANCIES
650 _aPROPERTY-RURAL AND NATURAL ASSETS-AGRICULTURAL PROPERTY-AGRICULTURAL LAND
690 _aRURAL PRACTICE
942 _n0
999 _c61101
_d61101